| 000 | 00810nam a2200301Ia 4500 | ||
|---|---|---|---|
| 003 | OSt | ||
| 005 | 20240711165240.0 | ||
| 008 | 210210b2005 xxu||||| |||| 00| 0 eng d | ||
| 040 | _cAL | ||
| 041 | _aKonkani | ||
| 082 | _a891.468 MORJ | ||
| 100 |
_aMORAS (Pavlu). Paul _9173199 |
||
| 245 | _aJagaran:Konkani Chalaval vol. II | ||
| 260 |
_aMangalore. _bKonkani Institute, St. Aloysius College., _c2005 |
||
| 300 | _axxv,416 | ||
| 440 |
_a2 _9173200 |
||
| 650 |
_avol. _9173201 |
||
| 650 |
_aKonkani journalism _9173202 |
||
| 650 |
_aKonkani _9173203 |
||
| 650 |
_aJagaran:Konkani _9173204 |
||
| 650 |
_aII _9173205 |
||
| 650 |
_aChallavoll _9173206 |
||
| 650 |
_aChalavol _9173207 |
||
| 650 |
_aChalaval _9173208 |
||
| 690 |
_aKonkani Miscellaneous _9173209 |
||
| 906 | _a060276 | ||
| 942 |
_2ddc _cBK |
||
| 999 |
_c107368 _d107368 |
||